000 00945nam a2200289 a 4500
001 45999
003 BD-RjUL
005 20211209054108.0
008 160730s1998 ii a 000 0aeng d
020 _a0761992073 (U.S. Hbk.)
020 _a0761992081 (U.S. Pbk.)
020 _a8170366593 (India Hbk.)
020 _a8170366607 (India Pbk.)
035 _a(BD-RjUL)46117
040 _aDLC
_cDLC
_beng
_dBD-RjUL
041 _aeng
082 0 _a300.92
_223
_bLYS 1998
100 1 _aLynton, Rolf P.
_9134566
245 1 0 _aSocial science in actual practice :
_bthemes on my blue guitar /
_cRolf P. Lynton.
260 _aNew Delhi ;
_aLondon :
_bSage Publications,
_bThousand Oaks,
_c1998.
300 _a314 p. :
_bill ;
_c23 cm.
504 _aIncludes bibliographical references.
600 1 0 _aLynton, Rolf P.
_9134566
650 0 _aSocial scientists
_zUnited States
_xBiography.
_9140647
650 0 _aSocial sciences.
_9140648
942 _2ddc
_cBK
999 _c45999
_d45999